Lehkomyslné povídky : Prósy z let 1915-1921 /

Hlavní autor: Hanuš, Otakar, 1890-1940
Jazyk: Čeština
Vydáno: Praha : Žatva, 1921
Fyzický popis: 158, 1 s. ; 8°
Knihy
Uloženo v:
LEADER 00604nam a22002172a 4500
001 001674014
003 CZ BrMZK
005 20190315123345.0
007 ta
008 190315s1921 xr er|||||||||||cze d
015 |a cnb000570542 
035 |a (OCoLC)85477331 
040 |a ABA001  |b cze  |c OSA001  |d ABA001 
100 1 |a Hanuš, Otakar,  |d 1890-1940  |7 jk01033494  |4 aut 
245 1 0 |a Lehkomyslné povídky :  |b Prósy z let 1915-1921 /  |c Otakar Hanuš 
260 |a Praha :  |b Žatva,  |c 1921 
300 |a 158, 1 s. ;  |c 8° 
500 |a Vl. jm. autora: Hanuš Trneček 
910 |a BOA001  |b 1-0047.503 
990 |a BK 
993 |a Y